|
|
|
|
| LEADER |
00902Cam#a2200253#a#4500 |
| 001 |
021965 |
| 005 |
20160721160106.0 |
| 008 |
100908s2008||||ag a g#b #000|0#spa#d |
| 020 |
|
|
|a 9789871271160
|
| 040 |
|
|
|a AR-BeUNQ
|
| 082 |
0 |
4 |
|a 791.43
|2 21
|
| 245 |
0 |
0 |
|a Historia crítica del video argentino /
|c [Jorge La Ferla compilador].
|
| 260 |
|
|
|a Buenos Aires :
|b Fundación Costantini ;
|c 2008.
|
| 300 |
|
|
|a 285 p. :
|b il. ;
|c 24 cm.
|
| 500 |
|
|
|a Incluye autores, colaboradores y antología bibliográfica sobre video argentino.
|
| 504 |
|
|
|a Incluye bibliografía, obras citadas e índice.
|
| 650 |
|
7 |
|a Historia
|2 spines
|
| 650 |
|
7 |
|a Arte cinematográfico
|2 spines
|
| 650 |
|
7 |
|a Grabación audiovisual
|2 spines
|
| 651 |
|
7 |
|a Argentina
|2 spines
|
| 700 |
1 |
|
|a La Ferla, Jorge
|e comp
|4 com
|
| 929 |
|
|
|a CANJE
|b Fundación Telefónica
|d 0,00
|e 20081128
|f PAT0026854
|j 45346
|
| 942 |
|
|
|c LIB
|n 0
|
| 999 |
|
|
|c 21302
|d 96689
|